Thermodynamics (Record no. 1288)

000 -LEADER
fixed length control field 00553nam a22002177a 4500
001 - CONTROL NUMBER
control field 1288
003 - CONTROL NUMBER IDENTIFIER
control field BD-DhUET
008 - FIXED-LENGTH DATA ELEMENTS--GENERAL INFORMATION
fixed length control field 140902b xxu||||| |||| 00| 0 eng d
020 ## - INTERNATIONAL STANDARD BOOK NUMBER
International Standard Book Number 9780070262171
040 ## - CATALOGING SOURCE
Transcribing agency 0
Modifying agency BD-DhUET
082 ## - DEWEY DECIMAL CLASSIFICATION NUMBER
Classification number 621.01
Item number CEN/2008
100 ## - MAIN ENTRY--PERSONAL NAME
Personal name Cengel ,Yunus A.
245 ## - TITLE STATEMENT
Title Thermodynamics
Remainder of title an engineering approach
250 ## - EDITION STATEMENT
Edition statement 6th
260 ## - PUBLICATION, DISTRIBUTION, ETC. (IMPRINT)
Place of publication, distribution, etc. New Delhi
Name of publisher, distributor, etc. Tata McGraw-Hill,
Date of publication, distribution, etc. 2008
300 ## - PHYSICAL DESCRIPTION
Extent xxv,943p.
504 ## - BIBLIOGRAPHY, ETC. NOTE
Bibliography, etc Includes bibliographies

650 #0 - SUBJECT ADDED ENTRY--TOPICAL TERM
Topical term or geographic name as entry element Thermodynamics
700 ## - ADDED ENTRY--PERSONAL NAME
Personal name Boles ,Michael A.
942 ## - ADDED ENTRY ELEMENTS (KOHA)
Koha item type General Book
Holdings
Koha collection Koha full call number Location (home branch) Withdrawn status Price effective from Damaged status Shelving location Piece designation (barcode) Koha normalized classification for sorting Not for loan Koha issues (times borrowed) Copy number Koha date last borrowed Koha date last seen Koha out on loan Koha renewals Sublocation or collection (holding branch) Lost status Koha item type Source of classification or shelving scheme Date acquired
 621.01/CEN/2008Central Library, BUET 2014-09-02 Circulation section106212621_000000000000000_01CEN2008 2612026-04-152026-05-05  Central Library, BUET General Book 2014-09-02
Non Fiction621.01/CEN/2008Central Library, BUET 2015-02-07 Circulation section106213621_010000000000000_CEN_2008 7 2018-05-092018-05-092018-05-233Central Library, BUET General Book 2015-02-07